| 000 | 00357pab a2200121 454500 | ||
|---|---|---|---|
| 008 | 180718b xxu||||| |||| 00| 0 eng d | ||
| 100 | _aSchram Sanford F. | ||
| 245 | _aPostindustrial welfare policy: just say no to women and children | ||
| 362 | _a26(1) Mar 1994, p.56-84 | ||
| 650 | _aFamily | ||
| 773 | _aReview of Radical Political Economics | ||
| 909 | _a27303 | ||
| 999 |
_c27303 _d27303 |
||